Globalization and its discontents / (Record no. 14477)

000 -LEADER
fixed length control field 01311cam a22003254a 4500
001 - CONTROL NUMBER
control field 11809780
005 - DATE AND TIME OF LATEST TRANSACTION
control field 20170105102856.0
008 - FIXED-LENGTH DATA ELEMENTS--GENERAL INFORMATION
fixed length control field 991014s2000 enk b 001 0 eng
010 ## - LIBRARY OF CONGRESS CONTROL NUMBER
LC control number 99053559
020 ## - INTERNATIONAL STANDARD BOOK NUMBER
International Standard Book Number 0312229577 (cloth)
040 ## - CATALOGING SOURCE
Original cataloging agency DLC
Transcribing agency DLC
Modifying agency DLC
042 ## - AUTHENTICATION CODE
Authentication code pcc
050 00 - LIBRARY OF CONGRESS CALL NUMBER
Classification number JZ1318
Item number .G583 2000
082 00 - DEWEY DECIMAL CLASSIFICATION NUMBER
Classification number 327.1/7
Edition number 21
100 1# - MAIN ENTRY--PERSONAL NAME
Personal name Sassen, Saskia
245 00 - TITLE STATEMENT
Title Globalization and its discontents /
Statement of responsibility, etc. by Saskia Sassen
260 ## - PUBLICATION, DISTRIBUTION, ETC.
Place of publication, distribution, etc. Houndmills, Basingstoke, Hampshire :
Name of publisher, distributor, etc. The new press ;
Place of publication, distribution, etc. New York :
Name of publisher, distributor, etc. St. Martin's Press,
Date of publication, distribution, etc. 2000.
300 ## - PHYSICAL DESCRIPTION
Extent xvi, 237 p. ;
Dimensions 23 cm.
504 ## - BIBLIOGRAPHY, ETC. NOTE
Bibliography, etc. note Includes bibliographical references and index.
650 #0 - SUBJECT ADDED ENTRY--TOPICAL TERM
Topical term or geographic name entry element Globalization.
650 #0 - SUBJECT ADDED ENTRY--TOPICAL TERM
Topical term or geographic name entry element International relations.
700 1# - ADDED ENTRY--PERSONAL NAME
Personal name McBride, Stephen,
Dates associated with a name 1947-
700 1# - ADDED ENTRY--PERSONAL NAME
Personal name Wiseman, John Richard,
Dates associated with a name 1957-
856 42 - ELECTRONIC LOCATION AND ACCESS
Materials specified Contributor biographical information
Uniform Resource Identifier <a href="http://www.loc.gov/catdir/bios/hol058/99053559.html">http://www.loc.gov/catdir/bios/hol058/99053559.html</a>
856 42 - ELECTRONIC LOCATION AND ACCESS
Materials specified Publisher description
Uniform Resource Identifier <a href="http://www.loc.gov/catdir/description/hol057/99053559.html">http://www.loc.gov/catdir/description/hol057/99053559.html</a>
856 41 - ELECTRONIC LOCATION AND ACCESS
Materials specified Table of contents
Uniform Resource Identifier <a href="http://www.loc.gov/catdir/toc/hol053/99053559.html">http://www.loc.gov/catdir/toc/hol053/99053559.html</a>
906 ## - LOCAL DATA ELEMENT F, LDF (RLIN)
a 7
b cbc
c orignew
d 1
e ocip
f 19
g y-gencatlg
942 ## - ADDED ENTRY ELEMENTS (KOHA)
Source of classification or shelving scheme
Koha item type Book
Holdings
Withdrawn status Lost status Damaged status Not for loan Collection code Permanent Location Current Location Shelving location Date acquired Total Checkouts Full call number Barcode Date last seen Price effective from Koha item type
          Centre for International Peace & Stability (CIPS) Centre for International Peace & Stability (CIPS) General Stacks 08/05/2013   327.17 SAS 1998 CIPS0000514 09/03/2013 09/03/2013 Book
© 2023 Central Library, National University of Sciences and Technology. All Rights Reserved.